00713nam a2200253 a 4500001001300000003000900013005001700022008004100039020001000080082001900090100002300109245004100132260004300173300000900216500003500225505001000260650002500270700002000295700001900315902000800334942000700342952009900349999001100448nice12345678IN_TiNIC20260116011252.0050524s1962 lona grp 000 0 eng  ac10000a909.04297bGIB aGibb, Hamilton A R aStudies on the Civilization of Islam aLondon bRoutledge Chapman Hall c1962 a369p aincludes index and biblioraphy2 aIndex aCivilization-Islamic1 aStanford J Shaw1 aWilliam R Polk bSRS cBK 00104070aHMIbHMId2007-06-05g100.00l0o909.04297 GIBp02569r2007-06-05w2026-01-16yEB c35d35